logo

Bir Sreshtho Munshi Abdur Rouf Library
Jhenaidah Cadet College

রূপকথার গল্প সমগ্র / (Record no. 11149)

MARC details
000 -LEADER
fixed length control field 00887nam a2200253 a 4500
001 - CONTROL NUMBER
JCCL Control Number 11149
003 - CONTROL NUMBER IDENTIFIER
JCCL marc code BD-JhCC
005 - DATE AND TIME OF LATEST TRANSACTION
control field 20220807134021.0
008 - FIXED-LENGTH DATA ELEMENTS--GENERAL INFORMATION
fixed length control field 190603b20052015bg |||| ||a| 000 0 ben d
020 ## - INTERNATIONAL STANDARD BOOK NUMBER
International Standard Book Number 9789841107376
035 ## - SYSTEM CONTROL NUMBER
system control number (BD-JhCC)11149
040 ## - CATALOGING SOURCE
Original cataloging agency BD-JhCC
Modifying agency BD-JhCC
041 ## - LANGUAGE CODE
Language code of Book ben
082 ## - DEWEY DECIMAL CLASSIFICATION NUMBER
Author mark and Year KHA 2015
Classification number 891.4435
100 ## - MAIN ENTRY--PERSONAL NAME
Personal name খাঁ, প্রিন্সিপাল ইবরাহীম
245 ## - TITLE STATEMENT
Title রূপকথার গল্প সমগ্র /
Statement of responsibility, etc সম্পাদিত: ড.আশরাফ সিদ্দিকী ।
260 ## - PUBLICATION, DISTRIBUTION, ETC. (IMPRINT)
Place of publication, distribution, etc ঢাকা:
Name of publisher, distributor, etc আহমদ পাবলিশিং হাউজ;
Date of publication, distribution, etc ২০১৫.
300 ## - PHYSICAL DESCRIPTION
Pagination ৩২৪ পৃঃ . :
Other physical details ill;
Dimensions ২৬ সেমি.
650 ## - SUBJECT ADDED ENTRY--TOPICAL TERM
Topical term or geographic name as entry element Mayt Story
650 ## - SUBJECT ADDED ENTRY--TOPICAL TERM
Topical term or geographic name as entry element Fable Story
700 ## - ADDED ENTRY--PERSONAL NAME
Personal name সিদ্দিকী, ড.আশরাফ
942 ## - ADDED ENTRY ELEMENTS (KOHA)
Source of classification or shelving scheme Dewey Decimal Classification
Koha item type Books
Koha issues (borrowed), all copies 1
Holdings
Source of classification or shelving scheme Damaged status Not for loan Home library Current library Shelving location Date of accession Cost, normal purchase price Total Checkouts Full call number Barcode Date last seen Date checked out Copy number Koha item type
Dewey Decimal Classification     JCC Rouf Library JCC Rouf Library General Stacks 06/01/2019 350.00 2 891.4435 KHA 2015 15099 09/24/2023 09/17/2023 C-1 Books

JCC Library | Contacts | JCC Home

Last Update on 23 September 2017
Copyright @ 2017-2020 JCC Rouf Library
Rouf Library, Jhenidah Cadet College (JCC), Bangladesh